000 00381nam a2200133Ia 4500
008 151001s9999||||xx |||||||||||||| ||und||
100 _aगजानन जागीरदार
245 _aपाऊलखुणा
250 _a1
260 _bमॅजेस्टीक प्रकाशन मुंबई
260 _c1986
300 _a260
365 _b21
999 _c965673
_d965670